• 首页
  • 本馆介绍
  • 公告通知
  • 最新文献
  • 馆藏检索
  • 电子资源
  • 读者导购
  • 参考咨询
  • 我的图书馆
  • 登录
  • 详细信息显示
  • 放入我的书架
  • 预约/预借图书
  • 作者相关作品
  • 分类相关作品
  • 丛书相关作品
  • 出版社相关作品

书目信息

  • 表格格式
  • 工作单格式
  • 卡片格式
题名:
学记评注
    
 
作者: 高时良 编著
分册:  
出版信息: 北京   人民教育出版社  1982
页数: 163页
开本: 19cm
丛书名:
单 册:
中图分类: G40-092.31 , K892.9
科图分类:
主题词: 儒家教育思想-礼记--研究
电子资源:
ISBN:
000 00667nam0 2200253 45
001 0182003651
005 20060808082538.45
010    @dCNY0.59
091    @aCN@b7012.0506
100    @a19950704d1982 em y0chiy0121 ea
101 0  @achi
102    @aCN@b110000
105    @ay z 000yy
200 10 @a学记评注@Axue ji ping zhu@f高时良编著
210    @a北京@c人民教育出版社@d1982
215    @a163页@d19cm
605    @a礼记@x儒家教育思想@x研究
606    @a儒家教育思想-礼记@x研究
690    @aG40-092.31@v3
690    @aK892.9@v3
701  0 @a高时良@Agao shi liang@4编著
801  2 @aCN@bNLC@c20060808
801  0 @aCN@bTSSF
905    @a10447@dG40-092.31@e300
    
    学记评注/高时良编著.-北京:人民教育出版社,1982
    163页;19cm
    
    
    ISBN :CNY0.59
    
●
相关链接 在E读中查询图书 在五车中查询图书 在当当中查询图书 在豆瓣中查询图书


正题名:学记评注     索取号:G40-092.31/300         预约/预借

序号 登录号 条形码 馆藏地/架位号 状态 备注
1 0447222   204472221   第一样本阅览室/ [索取号:G40-092.31/300] 在馆    
唐山师范学院图书馆 欢迎您!
大连网信软件有限公司© 版权所有